000 00951nam a2200301 a 4500
001 24349
003 CO-ViMGA
008 141112s2004 ck r 000 u spa d
020 _a9789589159439
040 _aCO-ViMGA
_bspa
_cCO-ViMGA
041 _aSPA
090 _aA GUT1
100 1 _aGutman, Anne
_935671
245 1 0 _aLos besitos /
_cAnne Gutman, Gerg Hallensleben ; traducción Christiane Reyes
250 _a2a ed.
260 _aBarcelona :
_bJuventud,
_c2011
300 _a14 p. : il. col. : il.
490 _aMira mira
650 1 4 _aANIMALES - LIBROS DE IMAGENES
_935672
650 1 4 _aDESDE LOS 6 MESES
_935673
650 1 4 _aLEER ES MI CUENTO - COLECCION 2011
_935674
650 1 4 _aLITERATURA INFANTIL FRANCESA
_935675
650 1 4 _aRELACION PADRE - HIJOS - LIBROS DE IMAGENES
_935676
700 1 _aHallensleben, Georg
_935677
700 1 _aHallensleben, Georg
_935677
700 1 _aReyes, Christiane
_935678
942 _2ddc
_cBK
999 _c2246
_d2246